1165 1842 1873 1766 1707 1217 1426 1244 1525 1085 1705 1713 1533 1012 1637 1590 1019 1834 1182 1724 1973 1863 1055 1875 1419 1310 1411 1938 1684 1056 1199 1124 1078 1109 1557 1148 1774 1929 1119 1410 1764 1661 1744 1118 1549 1749 1822 1967 1830 1160 1910 1917 1320 1512 1649 1978 1642 1586 1237 1813 1879 1535 1434 1600 1577 1651 1068 1169 1413 1829 1603 1473 1445 1630 1764 1469 1004 1343 1505 1703 1703 1569 1921 1161 1420 1395 1796 1268 1927 1923 1341 1333 1396 1785 1618 1984 1841 1093 1292 BCNSPRNW ULIB Ver.6.0+V

เปลี่ยนเป็นภาษาไทย

Change to English
 แสดงรายละเอียดบรรณานุกรม
  กลับหน้าหลัก

Brief Record : Get Marc (ISO 2709) : E-mail record : QR code < ปิดหน้าต่าง
LEADER : 00000nam 2200000uu 4500
001    13399128514
003     ULIB
008    230830s2565||||th 000 0 tha d
020    ^a9786168243886
050  0 ^aนว.^bน779ผ
100 0  ^aเนวิกา
245 10 ^aผูกพันอันพร่างพราว /^cเนวิกา
250    ^aพิมพ์ครั้งที่ 1
260    ^aกรุงเทพฯ :^bดีบุ๊ค,^c2565
300    ^a464 หน้า ;^c21 ซม.
650  4 ^aนวนิยายไทย
945    ^p340^l0^i010282
999    ^aประนอม เกษจรัล
รายการนี้ยังไม่มีแท็ก
คุณยังไม่ได้ล็อกอิน คุณสามารถมีกิจกรรมร่วมกับเว็บไซต์ได้ แต่ต้องล็อกอินก่อน ::
  ล็อกอิน

รายการสื่อสารสนเทศ

ลำดับที่ ประเภท เลขเรียก/บาร์โค้ด สถานที่ สถานะ
1. นวนิยาย
นวนิยาย
นว. น779ผ ฉ.1 
  Barcode: 010282
ห้องสมุดวิทยาเขตสวรรค์ประชารักษ์
►หนังสือทั่วไป
บนชั้น

รายการใกล้เคียง
    ผู้แต่ง [เนวิกา]

    หัวเรื่อง [นวนิยายไทย]

BibComment


ยังไม่เคยถูกคอมเมนท์

คอมเมนท์ทรัพยากรรายการนี้
  คอมเมนท์: ผูกพันอันพร่างพร..


 Copyright 2026. Bcnsprnw @Library